| 000 | 00745nam a2200193 a 4500 | ||
|---|---|---|---|
| 005 | 20141110163118.0 | ||
| 008 | 091029s2009 ph 000 0 eng d | ||
| 020 | _a9789712353055 | ||
| 050 | 0 | 0 |
_aKPM 3110 _b.C66 2009 |
| 100 | 1 | _aConti, Indalicio P. | |
| 245 | 1 | 4 |
_aThe law and accounting of transfer and business taxation : _bcomprehensive textbook for college students, CPA and BAR candidates and tax practitioners / _cIndalicio P. Conti. |
| 250 | _a1st ed. | ||
| 260 |
_aManila : _bRex Book Store, _cc2009. |
||
| 300 |
_axix, 425 pages : _billustrations ; _c26 cm. |
||
| 521 | _aAccountancy | ||
| 650 | 0 |
_aInheritance and tax transfer _zPhilippines _xAccounting. |
|
| 650 | 0 |
_aBusiness tax _zPhilippines _xAccounting. |
|
| 942 |
_2lcc _cBK _kFOR |
||
| 999 |
_c276774 _d276774 |
||